LEADER 00866nam0-22002891i-450 001 990004115600403321 005 20230706164035.0 035 $a000411560 035 $aFED01000411560 035 $a(Aleph)000411560FED01 035 $a000411560 100 $a19990530d1966----km-y0itay50------ba 101 0 $aita 102 $aIT 105 $ay-------00-y- 200 1 $aTutto il Concilio$e[dalla fase preparatoria alla chiusura i documenti le discussioni le sorprese e le votazioni]$fLuigi Castiglione 210 $aMilano$cValentino Bompiani$d1966 215 $a381 p.$d22 cm 225 1 $aCose d'oggi$v42 700 1$aCastiglione,$bLuigi$0159822 801 0$aIT$bUNINA$gRICA$2UNIMARC 901 $aBK 912 $a990004115600403321 952 $aFIL.TEOR.1918$bIST.FIL.T.1630$fFLFBC 959 $aFLFBC 996 $aTutto il Concilio$9478062 997 $aUNINA LEADER 00894oam 2200349 450 001 9910818866203321 005 20231120214821.0 010 $a83-8217-738-7 035 $a(CKB)4100000011437930 035 $a(MiAaPQ)EBC6340461 035 $a(EXLCZ)994100000011437930 100 $a20210205d2020 uy d 101 0 $aeng 135 $aurcnu|||||||| 181 $ctxt$2rdacontent 182 $cc$2rdamedia 183 $acr$2rdacarrier 200 10$aComedies /$fAristophanes 210 1$aWarsaw :$cKtoczyta.pl,$d[2020] 210 4$dİ2020 215 $a1 online resource (515 pages) 606 $aGreek drama (Comedy) 615 0$aGreek drama (Comedy) 676 $a488.6421 700 $aAristophanes$0602827 801 0$bMiAaPQ 801 1$bMiAaPQ 801 2$bMiAaPQ 906 $aBOOK 912 $a9910818866203321 996 $aComedies$94001655 997 $aUNINA